Statistics for Professional Sports Teams That Don't End in S

Click here to take the quiz!

General Stats

  • This quiz has been taken 57 times
  • The average score is 7 of 9

Answer Stats

SportAnswer% Correct
NBAHeat
94%
MLBRed Sox
92%
MLBWhite Sox
90%
NBAJazz
82%
NBAMagic
78%
NHLWild
76%
NHLLightning
70%
NBAThunder
70%
NHLAvalanche
66%

Score Distribution

Percentile by Number Answered

Percent of People with Each Score

Your Score History

You have not taken this quiz